000 00841nam a2200229 a 4500
001 82368
003 BD-RjUL
005 20231129105934.0
008 231129s2023 bg ||||| |||| 00| 0 eng d
020 _a9789849745266
035 _a(BD-RjUL)82368
040 _aBD-RjUL
_beng
_cBD-RjUL
041 _aben
082 _223
_a025.43
_bISA 2023
100 _aইসলাম, মোঃ রফিকুল
_910238
245 _aআধুনিক ব্যবহারিক শ্রেণিকরণ পরিচিতি /
_cমোঃ রফিকুল ইসলাম
260 _aচট্টগ্রাম :
_bচন্দ্রবিন্দু প্রকাশন,
_c2023
300 _a২৭৮ পৃ.;
_c২২ সেমি.
650 _aশ্রেণিকরণ
_910239
650 _aClassification
942 _2ddc
_cBK
999 _c82368
_d82368